71_表記が1文字の市区町村 - Statistics

General Stats
  • This quiz has been taken 86 times
  • The average score is 24 of 27
Answer Stats
表記
文字
読み
文字
都道府
県名
種類 市区町村名 % Correct
1 1 三重県 津市
100%
1 2 広島県 呉市
100%
1 2 広島県 坂町
100%
1 2 岐阜県 関市
100%
1 2 東京都 特別区 北区
98%
1 2 山口県 萩市
98%
1 3 新潟県 燕市
98%
1 2 福岡県 赤村
97%
1 3 千葉県 柏市
97%
1 3 大阪府 堺市
97%
1 3 茨城県 境町
97%
1 3 山口県 光市
97%
1 3 東京都 特別区 港区
97%
1 3 埼玉県 蕨市
97%
1 3 千葉県 旭市
93%
1 2 北海道 森町
90%
1 2 静岡県 森町
90%
1 3 北海道 泊村
90%
1 3 北海道 泊村
90%
1 3 千葉県 栄町
85%
1 3 長野県 栄村
85%
1 3 沖縄県 東村
85%
1 2 長野県 原村
80%
1 3 大阪府 岬町
78%
1 2 宮崎県 綾町
71%
1 3 福島県 塙町
68%
1 3 熊本県 錦町
61%
No matching quizzes found
Score Distribution
Percent of People with Each Score
Percentile by Number Answered
Your Score History
You have not taken this quiz